000 00272nam a2200109 a 4500
008 110104s1960|||| d
245 1 0 _aSpomienky na Vladimíra Iľjiča Lenina 2.diel
260 _bSVPL
_aBratislava
_c1960
020 _c26
041 _aslo
044 _axo
_cSK
999 _c15477
_d15477